|
|
|
|
| LEADER |
01007nam a2200289 a 4500 |
| 001 |
000013067 |
| 003 |
CZ BrMZK |
| 005 |
20210201074146.0 |
| 007 |
ta |
| 008 |
931220s1993 xr a f 000 m cze d |
| 015 |
|
|
|a cnb000083731
|
| 020 |
|
|
|a 80-7174-084-5
|c 17.00
|
| 040 |
|
|
|a BOA001
|b cze
|
| 080 |
|
|
|a 82-312.5=850
|2 MRF
|
| 100 |
1 |
|
|a Darmes, J. M.
|4 aut
|
| 245 |
1 |
0 |
|a V těžkém podezření /
|c Darmes, J. M. ; ilustr. František Ulč
|
| 260 |
|
|
|a Brno :
|b Návrat,
|c 1993
|
| 300 |
|
|
|a 40 s. :
|b il.
|
| 490 |
1 |
|
|a Dostavník ;
|v sv. 16
|
| 500 |
|
|
|a Dostupné též v digitální podobě v aplikaci Kramerius
|
| 700 |
1 |
|
|a Ulč, František,
|d 1933-2010
|7 jx20040618035
|4 ill
|
| 830 |
|
0 |
|a Dostavník
|
| 856 |
4 |
1 |
|u https://www.digitalniknihovna.cz/mzk/uuid/uuid:722e330f-34ae-11f1-8e70-622249b599b4
|y Digitalizovaný dokument
|x NDK
|
| 910 |
|
|
|a BOA001
|b X2-0994.929
|
| 962 |
|
|
|a 82-31
|
| 990 |
|
|
|a BK
|
| 996 |
6 |
|
|b 2610004105
|c X2-0994.929
|l MZK
|r Sklad / do 24 hodin
|n 1
|p p.v.
|w 000013067
|u 000010
|a 1
|e BOA001
|j MZK50
|s P
|